|
|
|
|
| LEADER |
02512nam a2200673 i 4500 |
| 001 |
nkc20193086950 |
| 003 |
CZ PrNK |
| 005 |
20191210111635.0 |
| 007 |
ta |
| 008 |
190404s2019 xr a a 000 0 cze |
| 015 |
|
|
|a cnb003086950
|
| 020 |
|
|
|a 978-80-7617-471-9
|q (vázáno) :
|c Kč 299,00
|
| 035 |
|
|
|a (OCoLC)1130263921
|
| 040 |
|
|
|a BOA001
|b cze
|e rda
|
| 041 |
1 |
|
|a cze
|h eng
|
| 072 |
|
7 |
|a 614.84
|x Požáry. Ochrana před požáry
|2 Konspekt
|9 14
|
| 072 |
|
7 |
|a 0/9-053.2
|x Literatura pro děti a mládež (naučná)
|2 Konspekt
|9 26
|
| 080 |
|
|
|a 614.842-051
|2 MRF
|
| 080 |
|
|
|a 614.843/.847
|2 MRF
|
| 080 |
|
|
|a (0.025.2)
|2 MRF
|
| 080 |
|
|
|a (0.029)
|2 MRF
|
| 080 |
|
|
|a (0.053.2)
|2 MRF
|
| 100 |
1 |
|
|a Byrne, Fiona
|q (Fiona Jean)
|7 xx0241370
|4 aut
|
| 240 |
1 |
0 |
|a Firefighter.
|l Česky
|
| 245 |
1 |
0 |
|a Pojď si hrát.
|p Malý hasič /
|c knihu vytvořili Fiona Byrne, Robyn Newton a Amy Oliver ; ilustroval Dan Crisp ; z anglického originálu Let's pretend: Firefighter ... přeložila Ivana Rybecká
|
| 246 |
3 |
0 |
|a Malý hasič
|
| 250 |
|
|
|a Vydání první
|
| 264 |
|
1 |
|a Praha :
|b Euromedia Group, a.s.,
|c 2019
|
| 300 |
|
|
|a 7 nečíslovaných stran :
|b barevné ilustrace ;
|c 25 x 28 cm +
|e 15 dílů vylamovánek
|
| 336 |
|
|
|a text
|b txt
|2 rdacontent
|
| 336 |
|
|
|a statický obraz
|b sti
|2 rdacontent
|
| 336 |
|
|
|a trojrozměrná forma
|b tdf
|2 rdacontent
|
| 337 |
|
|
|a bez média
|b n
|2 rdamedia
|
| 338 |
|
|
|a svazek
|b nc
|2 rdacarrier
|
| 338 |
|
|
|a objekt
|b nr
|2 rdacarrier
|
| 490 |
1 |
|
|a Pikola
|
| 500 |
|
|
|a Kartonové listy
|
| 500 |
|
|
|a Kniha a vylamovánky v plastovém pouzdru vlepeny do obalu na suchý zip
|
| 521 |
8 |
|
|a Pro děti od 3 let
|
| 650 |
0 |
7 |
|a hasiči
|7 ph120650
|2 czenas
|
| 650 |
0 |
7 |
|a požární technika
|7 ph124492
|2 czenas
|
| 650 |
0 |
9 |
|a fire fighters
|2 eczenas
|
| 650 |
0 |
9 |
|a fire technique
|2 eczenas
|
| 655 |
|
7 |
|a leporela
|7 fd132727
|2 czenas
|
| 655 |
|
7 |
|a skládanky
|7 fd133438
|2 czenas
|
| 655 |
|
7 |
|a publikace pro děti
|7 fd133156
|2 czenas
|
| 655 |
|
9 |
|a folding picture-books
|2 eczenas
|
| 655 |
|
9 |
|a puzzles
|2 eczenas
|
| 655 |
|
9 |
|a children's literature
|2 eczenas
|
| 700 |
1 |
|
|a Newton, Robyn
|7 ola20181008145
|4 aut
|
| 700 |
1 |
|
|a Oliver, Amy
|4 aut
|
| 700 |
1 |
|
|a Crisp, Dan
|7 jx20080211027
|4 ill
|
| 700 |
1 |
|
|a Rybecká, Ivana
|7 mzk2009529338
|4 trl
|
| 830 |
|
0 |
|a Pikola (Euromedia)
|0 s
|
| 910 |
2 |
|
|a BOA001
|b UP-1436.363
|
| 990 |
|
|
|a BK
|
| 995 |
|
|
|a 01
|
| 991 |
|
|
|b 201911
|c NOV
|
| 996 |
6 |
|
|b 2610803163
|c UP-1436.363
|l MZK
|r Sklad / do 24 hodin
|n 0
|p p.v.
|w 001765094
|u 000010
|a 1
|e BOA001
|j MZK50
|s P
|